[Event "Xtracon Open 2019"]
[Site "Helsingor"]
[Date "2019.07.21"]
[Round "2.9"]
[White "Soraas, Torben"]
[Black "Stray, Gunnar"]
[Result "1-0"]
[WhiteElo "2266"]
[BlackElo "1996"]
[Annotator "NA"]
[PlyCount "79"]
[EventDate "2019.07.19"]
[EventType "swiss"]
[EventCountry "DEN"]
[SourceTitle "playchess.com"]
[Source "ChessBase"]
[SourceQuality "1"]

1. e4 c5 2. Nc3 Nc6 3. g3 g6 4. Bg2 Bg7 5. d3 d6 6. Nge2 Rb8 7. a4 a6 8. O-O Nf6 9. f4 O-O 10. h3 Nd4 11. g4 b5 12. axb5 axb5 13. g5 Ne8 14. Nd5 Nxe2+ 15. Qxe2 Nc7 16. Ne3 b4 17. f5 Bd4 18. Kh1 d5 19. Ng4 dxe4 20. dxe4 gxf5 21. Nh6+ Kh8 22. Nxf5 Ne6 23. Rd1 Qc7 24. Nxd4 Nxd4 25. Qf2 Rb6 26. Be3 e5 27. c3 Nb3 28. cxb4 Rxb4 29. g6 hxg6 30. Bh6 Rg8 31. Qf6+ Kh7 32. Qh4 Rh8 33. Qf6 Rg8 34. Qh4 Rh8 35. Bf8+ Kg8 36. Qf6 Rh7 37. Rd8 Rd4 38. Bd6+ Qxd8 39. Qxd8+ Kg7 40. Bxe5+ 1-0

[Event "Xtracon Open 2019"]
[Site "Helsingor"]
[Date "2019.07.21"]
[Round "2.9"]
[White "Madsen, Michael B."]
[Black "Praggnanandhaa R"]
[Result "0-1"]
[WhiteElo "2133"]
[BlackElo "2540"]
[Annotator "ChessBase"]
[PlyCount "70"]
[EventDate "2019.07.19"]
[EventType "swiss"]
[EventCountry "DEN"]
[SourceTitle "playchess.com"]
[Source "ChessBase"]
[SourceQuality "1"]

1. d4 Nf6 2. c4 c5 3. d5 b5 4. cxb5 a6 5. bxa6 g6 6. a7 Rxa7 7. Nc3 Bg7 8. Nf3 O-O 9. e4 Qa5 10. Bd2 Qb6 11. Be2 d6 12. O-O Nbd7 13. Nb5 Nxe4 14. Nxa7 Qxa7 15. Qc2 Nef6 16. Bc3 Nxd5 17. Bxg7 Kxg7 18. Qd2 Bb7 19. Rfe1 N7f6 20. Bd3 e5 21. Ng5 Nf4 22. Bf1 h6 23. Qxd6 hxg5 24. Qxe5 Ne6 25. Bc4 Nd4 26. Qc7 Nf5 27. Rad1 Qa8 28. f3 Ba6 29. Bxa6 Qxa6 30. Qxc5 Rc8 31. Qf2 Qxa2 32. Ra1 Qb3 33. Ra3 Qb4 34. Rd1 g4 35. Qe1 Qxb2 0-1

[Event "Xtracon Open 2019"]
[Site "Helsingor"]
[Date "2019.07.21"]
[Round "2.9"]
[White "Nielsen, Jorgen Lovgren"]
[Black "Gandrud, Vegar Koi"]
[Result "0-1"]
[WhiteElo "2053"]
[BlackElo "2351"]
[Annotator "TA"]
[PlyCount "76"]
[EventDate "2019.07.19"]
[EventType "swiss"]
[EventCountry "DEN"]
[SourceTitle "playchess.com"]
[Source "ChessBase"]
[SourceQuality "1"]

1. e4 c5 2. Bc4 d6 3. Nf3 Nf6 4. e5 dxe5 5. Nxe5 e6 6. Bb5+ Nbd7 7. Nc3 Be7 8. d4 O-O 9. Nxd7 Bxd7 10. Bxd7 Qxd7 11. dxc5 Qc6 12. O-O Bxc5 13. Qe2 Bb4 14. Nb5 Rfd8 15. Be3 a6 16. Nd4 Qe4 17. c3 Bc5 18. Qf3 Qxf3 19. Nxf3 Bxe3 20. fxe3 Rd3 21. Rfe1 Rad8 22. e4 Kf8 23. h3 Ke7 24. Kf2 h6 25. Re3 Rd1 26. Rxd1 Rxd1 27. Re2 Nd7 28. Rd2 Ra1 29. b3 Rc1 30. c4 Rc3 31. Ke2 Nc5 32. e5 a5 33. Rb2 a4 34. Nd4 Rg3 35. Kf1 Rd3 36. b4 a3 37. Rb1 Ne4 38. Nf3 Nd2+ 0-1

[Event "Xtracon Open 2019"]
[Site "Helsingor"]
[Date "2019.07.21"]
[Round "2.10"]
[White "Salomon, Johan"]
[Black "Guindy, Esmat Susanne"]
[Result "1/2-1/2"]
[WhiteElo "2514"]
[BlackElo "2132"]
[Annotator "TA"]
[PlyCount "107"]
[EventDate "2019.07.19"]
[EventType "swiss"]
[EventCountry "DEN"]
[SourceTitle "playchess.com"]
[Source "ChessBase"]
[SourceQuality "1"]

1. Nf3 d5 2. g3 Nf6 3. Bg2 e6 4. O-O Be7 5. c4 c6 6. b3 b6 7. Bb2 O-O 8. d4 Bb7 9. Qc2 Nbd7 10. Nc3 Rc8 11. e4 Nxe4 12. Nxe4 dxe4 13. Qxe4 Nf6 14. Qe2 c5 15. Rad1 cxd4 16. Nxd4 Bxg2 17. Kxg2 Qc7 18. Qf3 Rfd8 19. Nb5 Qb8 20. Rfe1 Rxd1 21. Rxd1 a6 22. Nd4 Qc7 23. Re1 Nd7 24. Nf5 Bf6 25. Nh6+ Kf8 26. Ba3+ Ke8 27. Ng4 Qc6 28. Nxf6+ Nxf6 29. Qxc6+ Rxc6 30. Kf3 Nd7 31. Ke3 e5 32. Rd1 f5 33. h4 g6 34. Rd5 Re6 35. Rd1 Kd8 36. Bb4 Kc7 37. Ke2 Nf6 38. Rc1 Ne4 39. Be1 a5 40. a3 Rc6 41. Rb1 Nd6 42. Bc3 Rc5 43. a4 Ne4 44. Bb2 Kd7 45. Rd1+ Kc7 46. Ke3 Nf6 47. f3 Nd7 48. g4 Rc6 49. Rd5 Re6 50. g5 e4 51. Bc1 Nc5 52. Bb2 exf3+ 53. Kxf3 Nxb3 54. Be5+ 1/2-1/2

[Event "Xtracon Open 2019"]
[Site "Helsingor"]
[Date "2019.07.21"]
[Round "2.10"]
[White "Rydstrom, Tom"]
[Black "Sidali, Elias Hulleberg"]
[Result "0-1"]
[WhiteElo "2345"]
[BlackElo "2041"]
[Annotator "NA"]
[PlyCount "68"]
[EventDate "2019.07.19"]
[EventType "swiss"]
[EventCountry "DEN"]
[SourceTitle "playchess.com"]
[Source "ChessBase"]
[SourceQuality "1"]

1. d4 Nf6 2. Nc3 d5 3. Bg5 Nbd7 4. f3 c5 5. e4 dxe4 6. fxe4 Qa5 7. Bxf6 gxf6 8. Nf3 a6 9. Be2 cxd4 10. Nxd4 e6 11. O-O h5 12. Kh1 Bb4 13. Nb1 h4 14. c3 Be7 15. Nd2 Ne5 16. Nc4 Nxc4 17. Bxc4 h3 18. g3 b5 19. Bd3 Bb7 20. b4 Qc7 21. Qe1 Rd8 22. Rd1 Qe5 23. Nf3 Qh5 24. Qe2 Qg4 25. Bxb5+ Kf8 26. Rxd8+ Bxd8 27. Bd3 Bb6 28. Re1 f5 29. Ne5 Qxe2 30. Rxe2 Ke7 31. Nc4 Rd8 32. Nb2 fxe4 33. Bc2 e3+ 34. Kg1 Bf3 0-1

[Event "Xtracon Open 2019"]
[Site "Helsingor"]
[Date "2019.07.21"]
[Round "2.10"]
[White "Petersen, Peter Birk"]
[Black "Vocaturo, Daniele"]
[Result "0-1"]
[WhiteElo "2158"]
[BlackElo "2612"]
[Annotator "ChessBase"]
[PlyCount "58"]
[EventDate "2019.07.19"]
[EventType "swiss"]
[EventCountry "DEN"]
[SourceTitle "playchess.com"]
[Source "ChessBase"]
[SourceQuality "1"]

1. e4 c5 2. Nf3 e6 3. d4 cxd4 4. Nxd4 Nf6 5. Nc3 Nc6 6. g3 Bb4 7. Bg2 O-O 8. O-O d6 9. Nde2 a6 10. h3 Bc5 11. Bf4 Ne5 12. g4 b5 13. a3 Bb7 14. Ng3 Rc8 15. Qe2 Qb6 16. Nd1 a5 17. Ne3 Ng6 18. Bg5 Nd7 19. Nd1 Ba6 20. Qd2 b4 21. axb4 Bxb4 22. c3 Bxf1 23. cxb4 Bxg2 24. bxa5 Qc6 25. Kxg2 h6 26. Be3 Nde5 27. Qe2 f5 28. Rc1 Nc4 29. gxf5 Nxe3+ 0-1

[Event "Xtracon Open 2019"]
[Site "Helsingor"]
[Date "2019.07.21"]
[Round "2.10"]
[White "Bering, Anders"]
[Black "Dauth, Benjamin"]
[Result "0-1"]
[WhiteElo "1999"]
[BlackElo "2263"]
[Annotator "NA"]
[PlyCount "138"]
[EventDate "2019.07.19"]
[EventType "swiss"]
[EventCountry "DEN"]
[SourceTitle "playchess.com"]
[Source "ChessBase"]
[SourceQuality "1"]

1. d4 c5 2. d5 e5 3. e4 d6 4. Nc3 Ne7 5. Bb5+ Nd7 6. a4 Ng6 7. Nf3 Be7 8. O-O h5 9. Nd2 h4 10. Nc4 Kf8 11. f4 exf4 12. Bxf4 Nxf4 13. Rxf4 Bg5 14. Rf1 Qe7 15. Bxd7 Bxd7 16. e5 dxe5 17. Ne4 Bf4 18. b3 Rd8 19. d6 Qe6 20. Nxc5 Qg6 21. Nxd7+ Rxd7 22. Rxf4 exf4 23. Ne5 Qe6 24. Nxd7+ Qxd7 25. Qd4 Rh6 26. Rd1 h3 27. Qxf4 hxg2 28. Rd2 Rf6 29. Qh4 Kg8 30. Qe4 Re6 31. Qf3 Rf6 32. Qe4 Qh3 33. Qe8+ Kh7 34. Qe4+ g6 35. Rf2 Rxf2 36. Kxf2 Qxh2 37. Qxg2 Qf4+ 38. Qf3 Qd2+ 39. Kg1 Kg7 40. Qxb7 Qd1+ 41. Kf2 Qxc2+ 42. Kg3 Qd3+ 43. Kg2 Qd2+ 44. Kg1 Qxd6 45. Qxa7 Qd1+ 46. Kg2 Qc2+ 47. Kg1 Qd1+ 48. Kg2 Qd2+ 49. Kg1 g5 50. Qb7 Qe3+ 51. Kf1 g4 52. Qd7 Qh3+ 53. Ke1 Qh1+ 54. Kf2 Qh2+ 55. Kf1 Qf4+ 56. Kg2 Qf3+ 57. Kg1 Qg3+ 58. Kf1 Qf4+ 59. Kg2 Qe4+ 60. Kg1 Kg6 61. Qd6+ f6 62. Qg3 Kg5 63. Kf2 Qc2+ 64. Kf1 Qd1+ 65. Kf2 Qd2+ 66. Kf1 f5 67. Qb8 f4 68. Qe5+ Kh4 69. Qc5 Qd1+ 0-1

[Event "Xtracon Open 2019"]
[Site "Helsingor"]
[Date "2019.07.21"]
[Round "2.11"]
[White "Andersen, Mads"]
[Black "Gallagher, Daniel GH"]
[Result "1-0"]
[WhiteElo "2605"]
[BlackElo "2153"]
[Annotator "ChessBase"]
[PlyCount "59"]
[EventDate "2019.07.19"]
[EventType "swiss"]
[EventCountry "DEN"]
[SourceTitle "playchess.com"]
[Source "ChessBase"]
[SourceQuality "1"]

1. Nf3 Nf6 2. g3 g6 3. b3 Bg7 4. Bb2 O-O 5. Bg2 d6 6. d4 c6 7. O-O Qa5 8. Nbd2 Qh5 9. e4 Bh3 10. Re1 Ng4 11. Nh4 Bxg2 12. Kxg2 Na6 13. h3 Nf6 14. Nhf3 Rad8 15. Qe2 Nd7 16. Nc4 g5 17. Rad1 Qg6 18. Na5 Nc7 19. Nxb7 Rc8 20. c4 h5 21. Na5 c5 22. Nc6 Rfe8 23. dxc5 Nxc5 24. Bxg7 Qxg7 25. Nxa7 Ra8 26. Nc6 N7e6 27. Nfd4 Nxd4 28. Nxd4 Qg6 29. Rd2 Rab8 30. Qe3 1-0

[Event "Xtracon Open 2019"]
[Site "Helsingor"]
[Date "2019.07.21"]
[Round "2.11"]
[White "Buchal, Stephan"]
[Black "Glibstrup, Jakob"]
[Result "1-0"]
[WhiteElo "2260"]
[BlackElo "1993"]
[Annotator "NA"]
[PlyCount "87"]
[EventDate "2019.07.19"]
[EventType "swiss"]
[EventCountry "DEN"]
[SourceTitle "playchess.com"]
[Source "ChessBase"]
[SourceQuality "1"]

1. c4 e5 2. g3 Nc6 3. Bg2 g6 4. Nc3 Bg7 5. e4 d6 6. Nge2 f5 7. d3 Nf6 8. O-O O-O 9. Nd5 h6 10. Be3 Ne7 11. Nxf6+ Rxf6 12. Qd2 g5 13. f4 exf4 14. gxf4 g4 15. Bd4 Rg6 16. Bxg7 Rxg7 17. Ng3 Qf8 18. Nh5 Rg6 19. e5 Nc6 20. d4 dxe5 21. fxe5 Rg5 22. Nf4 Qb4 23. Qf2 Ne7 24. Rac1 Ng6 25. Nd5 Qf8 26. Nxc7 f4 27. Bd5+ Kh8 28. Nxa8 Qf5 29. Rc3 g3 30. hxg3 h5 31. Bg2 h4 32. gxf4 Rg4 33. Rf3 Kg8 34. Qe3 b5 35. Nc7 Bb7 36. d5 bxc4 37. Kh2 h3 38. Bxh3 Rh4 39. Kg1 Qh5 40. Rg3 Kh8 41. Bg2 Qh7 42. f5 Ne7 43. Qg5 Rh6 44. Qxh6 1-0

[Event "Xtracon Open 2019"]
[Site "Helsingor"]
[Date "2019.07.21"]
[Round "2.11"]
[White "Lilja, Richard"]
[Black "Hjartarson, Johann"]
[Result "0-1"]
[WhiteElo "2126"]
[BlackElo "2513"]
[Annotator "ChessBase"]
[PlyCount "82"]
[EventDate "2019.07.19"]
[EventType "swiss"]
[EventCountry "DEN"]
[SourceTitle "playchess.com"]
[Source "ChessBase"]
[SourceQuality "1"]

1. e4 e6 2. d3 d5 3. Nd2 c5 4. Ngf3 Nc6 5. g3 g6 6. Bg2 Bg7 7. O-O Nge7 8. exd5 exd5 9. Nb3 b6 10. d4 c4 11. Nbd2 O-O 12. c3 Bf5 13. Re1 Rc8 14. Nf1 h6 15. h4 Re8 16. Bf4 b5 17. Qd2 Kh7 18. Rad1 Qd7 19. Ne3 Be4 20. Ne5 Nxe5 21. dxe5 Bxg2 22. Kxg2 Rcd8 23. f3 a6 24. Ng4 Nf5 25. Nf6+ Bxf6 26. exf6 Re6 27. g4 Nxh4+ 28. Kg3 Rxf6 29. Kxh4 Rxf4 30. Kg3 g5 31. Re5 Qc7 32. Qe3 Re4 33. fxe4 Qxe5+ 34. Kg2 Re8 35. Qf3 Qxe4 36. Rxd5 Qe2+ 37. Qf2 Qxg4+ 38. Kf1 Qh3+ 39. Kg1 Qe3 40. Rd7 Qxf2+ 41. Kxf2 Kg6 0-1

[Event "Xtracon Open 2019"]
[Site "Helsingor"]
[Date "2019.07.21"]
[Round "2.11"]
[White "Bratholm, Palle"]
[Black "Vaishali R"]
[Result "0-1"]
[WhiteElo "2052"]
[BlackElo "2344"]
[Annotator "NA"]
[PlyCount "64"]
[EventDate "2019.07.19"]
[EventType "swiss"]
[EventCountry "DEN"]
[SourceTitle "playchess.com"]
[Source "ChessBase"]
[SourceQuality "1"]

1. d4 Nf6 2. c4 c5 3. d5 b5 4. Qc2 bxc4 5. e4 e6 6. Bxc4 exd5 7. exd5 d6 8. Ne2 Be7 9. Nbc3 O-O 10. O-O Nbd7 11. Ng3 Nb6 12. b3 Nxc4 13. bxc4 Ng4 14. Nd1 Bf6 15. Rb1 Re8 16. Ne3 Ne5 17. Ne4 Ng6 18. Nxf6+ Qxf6 19. Qa4 Bf5 20. Bb2 Qg5 21. Nxf5 Qxf5 22. Rbe1 Reb8 23. Bc3 Nf4 24. Bd2 Nd3 25. Re7 h5 26. Rxa7 Rxa7 27. Qxa7 Rb2 28. Be3 Ne5 29. Qa6 Rb1 30. Qxd6 Rxf1+ 31. Kxf1 Qb1+ 32. Ke2 Qc2+ 0-1

[Event "Xtracon Open 2019"]
[Site "Helsingor"]
[Date "2019.07.21"]
[Round "2.12"]
[White "Bjerre, Jonas Buhl"]
[Black "Rishovd, Svein"]
[Result "1-0"]
[WhiteElo "2503"]
[BlackElo "2124"]
[Annotator "ChessBase"]
[PlyCount "75"]
[EventDate "2019.07.19"]
[EventType "swiss"]
[EventCountry "DEN"]
[SourceTitle "playchess.com"]
[Source "ChessBase"]
[SourceQuality "1"]

1. d4 d5 2. c4 dxc4 3. Nf3 Nf6 4. e3 b5 5. a4 b4 6. Bxc4 e6 7. a5 a6 8. O-O Be7 9. Nbd2 Bb7 10. Qa4+ Nbd7 11. Ne5 c5 12. dxc5 O-O 13. Nxd7 Qxd7 14. Nb3 Rab8 15. Bd2 Bc6 16. Qa2 Qb7 17. f3 e5 18. e4 Kh8 19. Rac1 Nd7 20. Be3 f5 21. exf5 e4 22. fxe4 Bxe4 23. Rf2 Ne5 24. Nd2 Ng4 25. Rf4 Bg5 26. Re1 Nxe3 27. Rxe4 Rbe8 28. Bd5 Qd7 29. Rxe8 Rxe8 30. Nf3 Nxd5 31. Rxe8+ Qxe8 32. Qxd5 Qe3+ 33. Kf1 Qc1+ 34. Kf2 Qe3+ 35. Kg3 h5 36. Qe5 Qd3 37. Qe8+ Kh7 38. Qg6+ 1-0

[Event "Xtracon Open 2019"]
[Site "Helsingor"]
[Date "2019.07.21"]
[Round "2.12"]
[White "Jacobsen, Mikkel Manosri"]
[Black "Stovring, Claus"]
[Result "1-0"]
[WhiteElo "2343"]
[BlackElo "2036"]
[Annotator "NA"]
[PlyCount "83"]
[EventDate "2019.07.19"]
[EventType "swiss"]
[EventCountry "DEN"]
[SourceTitle "playchess.com"]
[Source "ChessBase"]
[SourceQuality "1"]

1. d4 Nf6 2. c4 g6 3. Nf3 Bg7 4. Nc3 O-O 5. Bg5 d6 6. e3 h6 7. Bh4 c5 8. d5 g5 9. Bg3 Nh5 10. Bd3 e6 11. Nd2 Nxg3 12. hxg3 f5 13. g4 Na6 14. dxe6 Bxe6 15. gxf5 Bxf5 16. Bxf5 Rxf5 17. Nd5 Qf8 18. Qc2 Re8 19. Nf1 Qf7 20. Ng3 Rxd5 21. cxd5 Nb4 22. Qb3 Bxb2 23. Rd1 Be5 24. Ne4 Qg6 25. f3 g4 26. Rd2 Bg7 27. Rf1 Re7 28. Nxc5 Rc7 29. Ne6 Nc2+ 30. Kf2 g3+ 31. Ke2 Rc3 32. Qxb7 Rxe3+ 33. Kd1 Rxe6 34. dxe6 Ne3+ 35. Ke2 Qxe6 36. Qe4 Qxe4 37. fxe4 Nxf1 38. Kxf1 Be5 39. Rc2 Bd4 40. Rc7 h5 41. Ke2 Be5 42. Rxa7 1-0

[Event "Xtracon Open 2019"]
[Site "Helsingor"]
[Date "2019.07.21"]
[Round "2.12"]
[White "Digernes, Magnus"]
[Black "Jogstad, Martin"]
[Result "0-1"]
[WhiteElo "1997"]
[BlackElo "2259"]
[Annotator "NA"]
[PlyCount "116"]
[EventDate "2019.07.19"]
[EventType "swiss"]
[EventCountry "DEN"]
[SourceTitle "playchess.com"]
[Source "ChessBase"]
[SourceQuality "1"]

1. e4 c5 2. d3 Nc6 3. g3 e6 4. Bg2 d5 5. Nd2 Nf6 6. Ngf3 Be7 7. O-O O-O 8. Re1 b5 9. h4 a5 10. e5 Nd7 11. Nf1 a4 12. a3 Bb7 13. Bf4 Re8 14. Ng5 h6 15. Nf3 b4 16. N1h2 bxa3 17. bxa3 Rc8 18. Ng4 Bf8 19. Nd2 Nd4 20. c3 Nf5 21. Qxa4 Bc6 22. Qd1 Qa5 23. c4 Nb6 24. Ne3 Ba4 25. Qc1 Nxe3 26. Bxe3 Red8 27. Rb1 Qa6 28. Rb2 Bc6 29. cxd5 Bxd5 30. Nc4 Nxc4 31. dxc4 Bxg2 32. Kxg2 Qxa3 33. Rb5 Qd3 34. Kg1 Rd7 35. Rb1 Ra7 36. Rd1 Qe4 37. Qc3 Rca8 38. Rb3 Ra4 39. Rc1 Rd8 40. Kh2 Be7 41. Qc2 Qa8 42. Rd3 Rb8 43. Rd7 Bf8 44. Qd1 Qc6 45. Rd2 Rab4 46. Qh1 Qxh1+ 47. Kxh1 Rb1 48. Rdc2 Kh7 49. Kg2 Kg6 50. g4 h5 51. f3 R1b3 52. Rc3 Be7 53. Kg3 Rxc3 54. Rxc3 Rh8 55. Rb3 hxg4 56. fxg4 Bxh4+ 57. Kf3 Bg5 58. Rb5 Rh3+ 0-1

[Event "Xtracon Open 2019"]
[Site "Helsingor"]
[Date "2019.07.21"]
[Round "2.13"]
[White "Rosenkilde, Alexander"]
[Black "Andersson, Lars"]
[Result "1-0"]
[WhiteElo "2255"]
[BlackElo "1990"]
[Annotator "NA"]
[PlyCount "32"]
[EventDate "2019.07.19"]
[EventType "swiss"]
[EventCountry "DEN"]
[SourceTitle "playchess.com"]
[Source "ChessBase"]
[SourceQuality "1"]

1. d4 Nf6 2. c4 g6 3. Nc3 Bg7 4. Bg5 c5 5. d5 h6 6. Bh4 b5 7. cxb5 d6 8. e4 O-O 9. Nf3 Nbd7 10. Be2 a6 11. O-O axb5 12. Bxb5 Ba6 13. Bxa6 Rxa6 14. Qe2 Qa8 15. e5 Nxd5 16. Nxd5 Qc8 1-0

[Event "Xtracon Open 2019"]
[Site "Helsingor"]
[Date "2019.07.21"]
[Round "2.13"]
[White "Huse, Sigurd Kjelsbol"]
[Black "Sonis, Francesco"]
[Result "0-1"]
[WhiteElo "2122"]
[BlackElo "2498"]
[Annotator "ChessBase"]
[PlyCount "62"]
[EventDate "2019.07.19"]
[EventType "swiss"]
[EventCountry "DEN"]
[SourceTitle "playchess.com"]
[Source "ChessBase"]
[SourceQuality "1"]

1. e4 c5 2. Nf3 d6 3. Bb5+ Nc6 4. O-O Bd7 5. Re1 a6 6. Bf1 g6 7. c3 Bg7 8. h3 e5 9. d3 Nge7 10. Nbd2 h6 11. a4 Be6 12. b3 O-O 13. Bb2 Rb8 14. Nc4 b5 15. axb5 axb5 16. Na3 b4 17. cxb4 Rxb4 18. Nd2 Qb8 19. Bc3 Rb7 20. Nac4 d5 21. exd5 Nxd5 22. Bb2 Rd8 23. Ra3 Nf4 24. Qa1 Nb4 25. Na5 Rbd7 26. Rc1 Rc8 27. Ndc4 Nfxd3 28. Bxd3 Nxd3 29. Nc6 Qc7 30. N6xe5 Nxb2 31. Nxd7 Nxc4 0-1

[Event "Xtracon Open 2019"]
[Site "Helsingor"]
[Date "2019.07.21"]
[Round "2.13"]
[White "Pallesen, Jacob"]
[Black "Gong, Patrick"]
[Result "0-1"]
[WhiteElo "2041"]
[BlackElo "2336"]
[Annotator "NA"]
[PlyCount "70"]
[EventDate "2019.07.19"]
[EventType "swiss"]
[EventCountry "DEN"]
[SourceTitle "playchess.com"]
[Source "ChessBase"]
[SourceQuality "1"]

1. d4 g6 2. Nf3 Bg7 3. g3 c5 4. Bg2 cxd4 5. Nxd4 Nc6 6. Be3 Nf6 7. Nxc6 bxc6 8. Bd4 Qc7 9. b3 Bb7 10. O-O d5 11. Nd2 O-O 12. Nf3 c5 13. Be5 Qb6 14. Qc1 Rad8 15. Qb2 Bh6 16. Bxf6 exf6 17. Rad1 Rfe8 18. e3 Bg7 19. Rd2 f5 20. c3 Qf6 21. Rc1 g5 22. h4 h6 23. hxg5 hxg5 24. Ne1 f4 25. exf4 gxf4 26. gxf4 Bh6 27. Nd3 Bc8 28. Re2 c4 29. bxc4 dxc4 30. Rxe8+ Rxe8 31. Re1 Rd8 32. Ne5 Bxf4 33. Nc6 Rd2 34. Re8+ Kg7 35. Qb1 Bh2+ 0-1

[Event "Xtracon Open 2019"]
[Site "Helsingor"]
[Date "2019.07.21"]
[Round "2.14"]
[White "Hector, Jonny"]
[Black "Rolvag, Mikael"]
[Result "1-0"]
[WhiteElo "2487"]
[BlackElo "2119"]
[Annotator "ChessBase"]
[PlyCount "56"]
[EventDate "2019.07.19"]
[EventType "swiss"]
[EventCountry "DEN"]
[SourceTitle "playchess.com"]
[Source "ChessBase"]
[SourceQuality "1"]

1. e4 c6 2. d4 d5 3. Nd2 dxe4 4. Nxe4 Nf6 5. Nxf6+ exf6 6. c3 Bd6 7. Bd3 O-O 8. Ne2 Re8 9. O-O Qc7 10. Ng3 Nd7 11. f4 c5 12. dxc5 Nxc5 13. Bc2 Bd7 14. b4 Ne6 15. Ne4 Bxf4 16. Qh5 Qe5 17. Qh4 Bg5 18. Nxg5 fxg5 19. Bxh7+ Kf8 20. Qf2 Nf4 21. Bxf4 gxf4 22. Rae1 Qc7 23. Rd1 Bb5 24. Bd3 Ba4 25. Rc1 Re3 26. Bb1 g5 27. h4 f6 28. hxg5 fxg5 1-0

[Event "Xtracon Open 2019"]
[Site "Helsingor"]
[Date "2019.07.21"]
[Round "2.14"]
[White "Tryggestad, Andreas Garberg"]
[Black "Cramling Bellon, Anna"]
[Result "1-0"]
[WhiteElo "2336"]
[BlackElo "2030"]
[Annotator "NA"]
[PlyCount "106"]
[EventDate "2019.07.19"]
[EventType "swiss"]
[EventCountry "DEN"]
[SourceTitle "playchess.com"]
[Source "ChessBase"]
[SourceQuality "1"]

1. e4 c5 2. Nf3 Nc6 3. c3 d5 4. exd5 Qxd5 5. d4 Bg4 6. dxc5 Qxd1+ 7. Kxd1 Nf6 8. Nbd2 e5 9. b4 e4 10. h3 Bh5 11. g4 Bg6 12. Nh4 a5 13. Bb5 axb4 14. cxb4 Nd5 15. Nxg6 hxg6 16. Nxe4 Ndxb4 17. Bxc6+ Nxc6 18. Be3 O-O-O+ 19. Ke1 Re8 20. Nd6+ Bxd6 21. cxd6 Re6 22. Kf1 Rxd6 23. Kg2 f6 24. Rhc1 g5 25. a4 Kd7 26. Rab1 Rb8 27. Rc5 Ne7 28. Rcb5 Kc8 29. Ba7 Ra8 30. Rxb7 Rd7 31. Rb8+ Rxb8 32. Rxb8+ Kc7 33. Rb5 Nd5 34. Kf3 Nf4 35. Bb8+ Kc6 36. Bxf4 gxf4 37. Kxf4 Rd4+ 38. Kf5 Rxa4 39. Rb3 Ra7 40. Rd3 Re7 41. Kg6 Kc5 42. f4 Kc6 43. f5 Kc7 44. h4 Re4 45. Kxg7 Rxg4+ 46. Kxf6 Rxh4 47. Kf7 Rf4 48. f6 Kc8 49. Kg6 Rg4+ 50. Kf5 Rg1 51. Rd4 Rg8 52. f7 Rf8 53. Kf6 Rh8 1-0

[Event "Xtracon Open 2019"]
[Site "Helsingor"]
[Date "2019.07.21"]
[Round "2.14"]
[White "Johnsen, Oystein"]
[Black "Larsen, Karsten"]
[Result "1/2-1/2"]
[WhiteElo "1994"]
[BlackElo "2254"]
[Annotator "NA"]
[PlyCount "137"]
[EventDate "2019.07.19"]
[EventType "swiss"]
[EventCountry "DEN"]
[SourceTitle "playchess.com"]
[Source "ChessBase"]
[SourceQuality "1"]

1. d4 Nf6 2. Nf3 d5 3. Bf4 g6 4. e3 Bg7 5. Be2 O-O 6. h3 c5 7. c3 Nc6 8. O-O b6 9. Nbd2 Bb7 10. Re1 Rc8 11. a3 Nd7 12. Qa4 a6 13. Rad1 b5 14. Qb3 c4 15. Qc2 f5 16. Bh2 e6 17. Kh1 Qf6 18. Ng1 Rce8 19. f4 Qe7 20. Ngf3 Nf6 21. Ne5 Nxe5 22. dxe5 Ne4 23. Nxe4 dxe4 24. Rd4 Bd5 25. a4 Ra8 26. Ra1 Rfc8 27. axb5 axb5 28. Rdd1 Ra7 29. Rxa7 Qxa7 30. Bg1 Ra8 31. g4 Bf8 32. gxf5 gxf5 33. Bh5 Kh8 34. Bf2 Be7 35. Rg1 Rg8 36. Rxg8+ Kxg8 37. Qd2 Qa1+ 38. Kh2 Qf1 39. Qe2 Qxe2 40. Bxe2 b4 41. Be1 Bc5 42. Bd2 bxc3 43. bxc3 Kf8 44. Kg2 Ke8 45. Kf1 Kd7 46. Ke1 Kc6 47. Bd1 Kb5 48. Bc1 Ka5 49. Kd2 Bc6 50. Be2 Bb5 51. Bh5 Kb6 52. Bf7 Bd7 53. Bh5 Kc6 54. Be2 Kd5 55. Bd1 Be8 56. Be2 Ba4 57. Bh5 Be7 58. Ke2 Bd7 59. Kd2 Kc6 60. Be2 Kb5 61. Bh5 Bc5 62. Be2 Be8 63. Bd1 h5 64. Be2 h4 65. Bd1 Bd7 66. Bh5 Kc6 67. Bd1 Kd5 68. Bh5 Ba4 69. Bf7 1/2-1/2

[Event "Xtracon Open 2019"]
[Site "Helsingor"]
[Date "2019.07.21"]
[Round "2.15"]
[White "Nielsen, Viktor Haarmark"]
[Black "Skjoldager, Flemming"]
[Result "1-0"]
[WhiteElo "2254"]
[BlackElo "1972"]
[Annotator "NA"]
[PlyCount "63"]
[EventDate "2019.07.19"]
[EventType "swiss"]
[EventCountry "DEN"]
[SourceTitle "playchess.com"]
[Source "ChessBase"]
[SourceQuality "1"]

1. d4 Nf6 2. c4 e6 3. g3 d5 4. Nf3 Be7 5. Bg2 O-O 6. O-O Nbd7 7. Qc2 Ne4 8. Nc3 Nxc3 9. Qxc3 c6 10. Qc2 f5 11. b3 Qe8 12. Ne1 Nf6 13. Nd3 Bd6 14. Bf4 Bxf4 15. Nxf4 g5 16. Nd3 Qh5 17. f3 Qh6 18. Qd2 Rf7 19. e4 dxe4 20. Ne5 Rf8 21. fxe4 Qg7 22. Rae1 Rd8 23. c5 h6 24. Qc3 Ng4 25. exf5 exf5 26. Qc4+ Kh7 27. Nxg4 Rxd4 28. Qc2 Rxg4 29. Rxf5 Qd4+ 30. Rf2+ Kg7 31. Re7+ Kg8 32. Qh7# 1-0

[Event "Xtracon Open 2019"]
[Site "Helsingor"]
[Date "2019.07.21"]
[Round "2.15"]
[White "Ivarsson, Torbjorn"]
[Black "Cramling, Pia"]
[Result "0-1"]
[WhiteElo "2119"]
[BlackElo "2479"]
[Annotator "ChessBase"]
[PlyCount "80"]
[EventDate "2019.07.19"]
[EventType "swiss"]
[EventCountry "DEN"]
[SourceTitle "playchess.com"]
[Source "ChessBase"]
[SourceQuality "1"]

1. d4 Nf6 2. Nc3 d5 3. Bf4 a6 4. e3 c5 5. dxc5 e6 6. Na4 Nfd7 7. Nf3 Nxc5 8. Nxc5 Bxc5 9. Bd3 Nc6 10. O-O h6 11. e4 O-O 12. e5 f5 13. h4 Bd7 14. Qd2 Qe7 15. c3 Be8 16. g3 Bh5 17. Be2 Rad8 18. b4 Bb6 19. a3 d4 20. c4 d3 21. Bd1 Rd7 22. Re1 Rc8 23. Rc1 Bd8 24. Rc3 a5 25. b5 Bxf3 26. Bxf3 Nd4 27. Bd1 a4 28. Rxd3 Rxc4 29. Be3 Bb6 30. Kg2 Rd8 31. Qa2 Qc5 32. Bf3 Qxb5 33. Red1 Nxf3 34. Rxd8+ Bxd8 35. Rxd8+ Kh7 36. Qe2 Nxe5 37. Qh5 Qc6+ 38. Kh2 Nf3+ 39. Kh3 Nxh4 40. Kh2 Qg2# 0-1

[Event "Xtracon Open 2019"]
[Site "Helsingor"]
[Date "2019.07.21"]
[Round "2.15"]
[White "Kleimark, Anders"]
[Black "Vestby-Ellingsen, Mads"]
[Result "0-1"]
[WhiteElo "2032"]
[BlackElo "2335"]
[Annotator "NA"]
[PlyCount "66"]
[EventDate "2019.07.19"]
[EventType "swiss"]
[EventCountry "DEN"]
[SourceTitle "playchess.com"]
[Source "ChessBase"]
[SourceQuality "1"]

1. d4 Nf6 2. c4 g6 3. Nf3 Bg7 4. Nc3 d5 5. Bf4 O-O 6. e3 c5 7. dxc5 Qa5 8. Rc1 dxc4 9. Bxc4 Qxc5 10. Bb3 Nc6 11. O-O Qa5 12. Qe2 Bf5 13. Rfd1 e5 14. Bg3 e4 15. Nd2 Bg4 16. f3 exf3 17. gxf3 Bh5 18. Nb5 Ne8 19. Nd6 Nxd6 20. Bxd6 Qg5+ 21. Kh1 Rfe8 22. e4 Qf6 23. Bg3 Nd4 24. Qf2 Nxb3 25. axb3 Qxb2 26. Rc7 Bh6 27. Rd7 Rad8 28. Rd6 Rxd6 29. Bxd6 Bxd2 30. Rxd2 Bxf3+ 31. Qxf3 Qxd2 32. Qf6 Rc8 33. Ba3 Rc2 0-1